La diplomacia en nuestra historia /

Guardat en:
Dades bibliogràfiques
Autor principal: Márquez Sterling, Manuel (autor)
Format: Llibre
Idioma:espanyol
Publicat: Valencia, España : Sempere, 1909
Matèries:
Etiquetes: Afegir etiqueta
Sense etiquetes, Sigues el primer a etiquetar aquest registre!

MARC

LEADER 00000nam^a2200000^a^4500
001 000016463
005 20250521000000.0
009 20260310084103.453
037 |a Acervo ITESO - Biblioteca 
041 |a ESP 
082 |a 972. 91  |b STE 
100 |a Márquez Sterling, Manuel  |e (autor) 
245 1 3 |a La diplomacia en nuestra historia /  |c M. Márquez Sterling. 
264 1 |a Valencia, España :  |b Sempere,  |c 1909 
300 |a 265 p. 
336 |a texto  |b txt  |2 rdacontenido 
337 |a sin mediación  |b n  |2 rdamedio 
338 |a volumen  |b nc  |2 rdasoporte 
649 |a XX 
650 |a Cuba -  |x Historia 
910 |a Fondo General 
920 |a Impresos - Libros 
930 |a Colección General 
905 |a 101 
901 |a 0164630100  |b IT1  |c ACC  |i 016463  |u 20250521 
902 |a https://opac.biblio.iteso.mx/vufind/Record/000016463